| 000 | 00516nam a2200169 u 4500 | ||
|---|---|---|---|
| 001 | 000002928 | ||
| 005 | 20210915155422.0 | ||
| 008 | 090706s1988 dr c r 000 0 spa d | ||
| 040 |
_aDO-SdBNP _bspa _cBNPHU |
||
| 100 | 1 |
_aHernández, Francisco Romeo _99305 |
|
| 245 | 1 | 0 |
_aProfecias de nuestra América / _cFrancisco Romeo Hernández. |
| 260 |
_aSanto Domingo : _bAlffa y amega, _c1988. |
||
| 300 |
_a105 p. : _bretrs. ; _c21 cm. |
||
| 500 | _aIncluye índice | ||
| 650 | 0 |
_aRepública Dominicana _99306 |
|
| 049 | _aBNPD | ||
| 999 |
_c2761 _d2761 |
||